[Event "CP-2018-P-00031"]
[Site "LSS email"]
[Date "2018.09.27"]
[Round "?"]
[White "Polastri, Antonio"]
[Black "Colibaba, Alexandr"]
[Result "1-0"]
[WhiteElo "2070"]
[BlackElo "2275"]
[PlyCount "117"]
[EventDate "2018.10.01"]
[EventType "tourn (corr)"]
[EventRounds "6"]
[EventCountry "GER"]
[SourceTitle "Corr 2022"]
[Source "ChessBase"]
[SourceDate "2021.10.24"]
[SourceVersion "1"]
[SourceVersionDate "2021.10.24"]
[SourceQuality "1"]

1. d4 Nf6 2. c4 e6 3. Nf3 Bb4+ 4. Nbd2 0-0 5. a3 Be7 6. e4 d6 7. Be2 c5 8. d5 exd5 9. cxd5 Re8 10. 0-0 Bf8 11. Bd3 g6 12. h3 Bg7 13. Rb1 a6 14. b3 Nbd7 15. Re1 b5 16. a4 Rb8 17. Bb2 h6 18. Ra1 g5 19. axb5 axb5 20. Ra7 Nh5 21. Bxg7 Nxg7 22. Be2 h5 23. Nh2 Nf6 24. Qa1 g4 25. hxg4 hxg4 26. g3 Re5 27. Bd3 Qf8 28. Nhf1 Re7 29. Ne3 Rxa7 30. Qxa7 Bd7 31. e5 Ra8 32. Qb6 Rb8 33. Qa5 dxe5 34. Qc7 Ra8 35. Qxe5 Nfe8 36. Bf5 Nxf5 37. Nxf5 Bxf5 38. Qxf5 Qg7 39. Kg2 Qg6 40. Qf4 Nf6 41. Re5 Nh5 42. Qe3 Ng7 43. Qxc5 Qh6 44. Nf1 Qf6 45. Re1 Nf5 46. Nh2 Qd4 47. b4 Kg7 48. d6 Kg6 49. Re5 f6 50. Qxd4 Nxd4 51. Rd5 Nc2 52. Nxg4 Rd8 53. f4 Nxb4 54. Rxb5 Nc6 55. Rd5 Nb8 56. Kf3 Nd7 57. Ra5 Kf7 58. Nh6+ Kg6 59. Nf5 1-0

[Event "CP-2017-P-00028"]
[Site "LSS email"]
[Date "2017.09.27"]
[Round "?"]
[White "Kireev, Sergey Ivanovich"]
[Black "Polastri, Antonio"]
[Result "1-0"]
[WhiteElo "2426"]
[BlackElo "2053"]
[PlyCount "49"]
[EventDate "2017.10.01"]
[EventType "tourn (corr)"]
[EventRounds "6"]
[EventCountry "GER"]
[SourceTitle "Corr 2022"]
[Source "ChessBase"]
[SourceDate "2021.10.24"]
[SourceVersion "1"]
[SourceVersionDate "2021.10.24"]
[SourceQuality "1"]

1. e4 e5 2. Nf3 d6 3. d4 exd4 4. Nxd4 Nf6 5. Nc3 Be7 6. Bf4 0-0 7. Qd2 Nc6 8. 0-0-0 Nxd4 9. Qxd4 Be6 10. f3 a6 11. g4 Nd7 12. Kb1 b5 13. Nd5 Bh4 14. Be3 Rb8 15. Bc1 h6 16. Nf4 Re8 17. Qc3 Bf6 18. Qe3 Bh4 19. Nh5 Bg5 20. f4 Bxg4 21. Nxg7 Kxg7 22. Rd2 Bh4 23. Rg2 Nf6 24. Qh3 Kh7 25. Qxh4 1-0

[Event "CP-2017-P-00028"]
[Site "LSS email"]
[Date "2017.09.27"]
[Round "?"]
[White "Nowak, Adam"]
[Black "Polastri, Antonio"]
[Result "1/2-1/2"]
[WhiteElo "2241"]
[BlackElo "2053"]
[PlyCount "84"]
[EventDate "2017.10.01"]
[EventType "tourn (corr)"]
[EventRounds "6"]
[EventCountry "GER"]
[SourceTitle "Corr 2022"]
[Source "ChessBase"]
[SourceDate "2021.10.24"]
[SourceVersion "1"]
[SourceVersionDate "2021.10.24"]
[SourceQuality "1"]

1. d4 d5 2. Nf3 Nf6 3. Bf4 c5 4. e3 Nc6 5. c3 Qb6 6. Qb3 c4 7. Qxb6 axb6 8. Na3 Na7 9. Nc2 h5 10. Nb4 Bf5 11. a3 e6 12. Be2 Nc6 13. Nxc6 bxc6 14. Ne5 c5 15. f3 cxd4 16. exd4 Ng8 17. Nc6 f6 18. h4 Kd7 19. Nb4 Bxb4 20. cxb4 Ne7 21. Kd2 b5 22. Be3 Nc6 23. Bf2 Kc7 24. Rhf1 e5 25. dxe5 fxe5 26. Bc5 Rhe8 27. g4 Bd7 28. gxh5 Nd4 29. Bd1 Ne6 30. Rg1 Nxc5 31. bxc5 Re7 32. Kc3 b4+ 33. Kxb4 Rb8+ 34. Kc3 Kc6 35. b4 cxb3 36. Kb2 Kxc5 37. Rc1+ Kd4 38. Rc7 Ke3 39. Rg6 d4 40. Rd6 Rd8 41. Bxb3 Kxf3 42. a4 e4 1/2-1/2

[Event "CP-2017-P-00028"]
[Site "LSS email"]
[Date "2017.09.27"]
[Round "?"]
[White "Polastri, Antonio"]
[Black "Kuttner, Jaromir"]
[Result "1-0"]
[WhiteElo "2053"]
[BlackElo "853"]
[PlyCount "23"]
[EventDate "2017.10.01"]
[EventType "tourn (corr)"]
[EventRounds "6"]
[EventCountry "GER"]
[SourceTitle "Corr 2022"]
[Source "ChessBase"]
[SourceDate "2021.10.24"]
[SourceVersion "1"]
[SourceVersionDate "2021.10.24"]
[SourceQuality "1"]

1. d4 Nf6 2. c4 e6 3. Nf3 d5 4. Nc3 c5 5. cxd5 Nxd5 6. e4 Nxc3 7. bxc3 Nc6 8. d5 exd5 9. exd5 Na5 10. Qa4+ Bd7 11. Bb5 b6 12. Ne5 1-0

[Event "CP-2016-P-00008"]
[Site "LSS email"]
[Date "2016.09.27"]
[Round "?"]
[White "Korinek, Jaroslav"]
[Black "Polastri, Antonio"]
[Result "1/2-1/2"]
[WhiteElo "1974"]
[BlackElo "2053"]
[PlyCount "42"]
[EventDate "2016.10.01"]
[EventType "tourn (corr)"]
[EventRounds "6"]
[EventCountry "GER"]
[SourceTitle "Corr 2022"]
[Source "ChessBase"]
[SourceDate "2021.10.24"]
[SourceVersion "1"]
[SourceVersionDate "2021.10.24"]
[SourceQuality "1"]

1. e4 c5 2. Nf3 d6 3. d4 cxd4 4. Nxd4 Nf6 5. Nc3 g6 6. f3 a6 7. Be3 e5 8. Nb3 Be7 9. Bh6 Be6 10. Qd2 Nbd7 11. 0-0-0 Ng8 12. Be3 Ngf6 13. g4 b5 14. h4 Nb6 15. Bh6 b4 16. Nb1 a5 17. Bg7 Rg8 18. Bxf6 Bxf6 19. Qxd6 Qxd6 20. Rxd6 Bd8 21. N1d2 h5 1/2-1/2

[Event "BI-2016-F-0000"]
[Site "LSS email"]
[Date "2016.02.14"]
[Round "?"]
[White "Milde, Lars"]
[Black "Polastri, Antonio"]
[Result "1/2-1/2"]
[WhiteElo "2279"]
[BlackElo "2041"]
[PlyCount "50"]
[EventDate "2016.02.20"]
[EventType "tourn (corr)"]
[EventRounds "10"]
[EventCountry "GER"]
[SourceTitle "Corr 2022"]
[Source "ChessBase"]
[SourceDate "2021.10.24"]
[SourceVersion "1"]
[SourceVersionDate "2021.10.24"]
[SourceQuality "1"]

1. e4 c5 2. Nf3 d6 3. d4 cxd4 4. Nxd4 Nf6 5. Nc3 a6 6. Bg5 e6 7. f4 Qb6 8. Qd2 Qxb2 9. Rb1 Qa3 10. e5 dxe5 11. fxe5 h6 12. Bh4 Nd5 13. Nxd5 exd5 14. e6 Bxe6 15. Nxe6 fxe6 16. Bd3 Be7 17. Bg6+ Kd8 18. Bxe7+ Qxe7 19. 0-0 Nd7 20. Rf7 Qc5+ 21. Kh1 Rc8 22. Qe1 Qc6 23. Qh4+ Kc7 24. Qg3+ Kd8 25. Rxg7 Rc7 1/2-1/2

[Event "BI-2016-F-0000"]
[Site "LSS email"]
[Date "2016.02.14"]
[Round "?"]
[White "Moskalenko, Eduard"]
[Black "Polastri, Antonio"]
[Result "1-0"]
[WhiteElo "2257"]
[BlackElo "2041"]
[PlyCount "59"]
[EventDate "2016.02.20"]
[EventType "tourn (corr)"]
[EventRounds "10"]
[EventCountry "GER"]
[SourceTitle "Corr 2022"]
[Source "ChessBase"]
[SourceDate "2021.10.24"]
[SourceVersion "1"]
[SourceVersionDate "2021.10.24"]
[SourceQuality "1"]

1. d4 d5 2. c4 c6 3. Nf3 Nf6 4. Nc3 e6 5. Bg5 h6 6. Bh4 dxc4 7. e4 g5 8. Bg3 b5 9. Ne5 h5 10. h4 g4 11. Be2 b4 12. Na4 Nxe4 13. 0-0 Bg7 14. Bf4 0-0 15. Bxc4 Nd7 16. Re1 Ndf6 17. Bd3 Nxf2 18. Kxf2 c5 19. Qc2 cxd4 20. Nc6 Qd7 21. Qc1 Nd5 22. Bh6 f6 23. Bxg7 Kxg7 24. Nxd4 Qxa4 25. Rxe6 Bxe6 26. Nxe6+ Kf7 27. Nxf8 Rxf8 28. Qh6 g3+ 29. Kg1 Qd7 30. Qxh5+ 1-0

[Event "BI-2016-F-0000"]
[Site "LSS email"]
[Date "2016.02.14"]
[Round "?"]
[White "Polastri, Antonio"]
[Black "Kushnaryov, Andrey"]
[Result "1/2-1/2"]
[WhiteElo "2041"]
[BlackElo "2122"]
[PlyCount "43"]
[EventDate "2016.02.20"]
[EventType "tourn (corr)"]
[EventRounds "10"]
[EventCountry "GER"]
[SourceTitle "Corr 2022"]
[Source "ChessBase"]
[SourceDate "2021.10.24"]
[SourceVersion "1"]
[SourceVersionDate "2021.10.24"]
[SourceQuality "1"]

1. d4 Nf6 2. c4 e6 3. Nf3 b6 4. g3 Ba6 5. b3 Bb4+ 6. Bd2 Be7 7. Bg2 c6 8. Bc3 d5 9. Nbd2 Nbd7 10. 0-0 0-0 11. Re1 c5 12. e4 dxe4 13. Nxe4 Nxe4 14. Rxe4 Bb7 15. Re2 Re8 16. Qd3 cxd4 17. Nxd4 Nc5 18. Qe3 Qd7 19. Rd2 Bxg2 20. Kxg2 Qb7+ 21. f3 Bf8 22. Rad1 1/2-1/2

[Event "BI-2015-F-0000"]
[Site "LSS email"]
[Date "2015.02.12"]
[Round "?"]
[White "Polastri, Antonio"]
[Black "Kolanek, Roman"]
[Result "1/2-1/2"]
[WhiteElo "1974"]
[BlackElo "2024"]
[PlyCount "31"]
[EventDate "2015.02.11"]
[EventType "tourn (corr)"]
[EventRounds "10"]
[EventCountry "GER"]
[SourceTitle "Corr 2022"]
[Source "ChessBase"]
[SourceDate "2021.10.24"]
[SourceVersion "1"]
[SourceVersionDate "2021.10.24"]
[SourceQuality "1"]

1. d4 d5 2. c4 e6 3. Nf3 Nf6 4. Nc3 Be7 5. Bf4 0-0 6. e3 Nbd7 7. Qc2 c5 8. dxc5 Nxc5 9. Be2 dxc4 10. 0-0 Nd3 11. Rfd1 Bd7 12. Bxd3 cxd3 13. Qxd3 Bc6 14. Nd4 Qb6 15. Qe2 Rfd8 16. Rac1 1/2-1/2

[Event "BI-2015-F-0000"]
[Site "LSS email"]
[Date "2015.02.12"]
[Round "?"]
[White "Polastri, Antonio"]
[Black "Orlov, Vladimir"]
[Result "1/2-1/2"]
[WhiteElo "1974"]
[BlackElo "2237"]
[PlyCount "65"]
[EventDate "2015.02.11"]
[EventType "tourn (corr)"]
[EventRounds "10"]
[EventCountry "GER"]
[SourceTitle "Corr 2022"]
[Source "ChessBase"]
[SourceDate "2021.10.24"]
[SourceVersion "1"]
[SourceVersionDate "2021.10.24"]
[SourceQuality "1"]

1. d4 Nf6 2. c4 e6 3. Nf3 b6 4. g3 Ba6 5. Qa4 Bb7 6. Bg2 c5 7. dxc5 Bxc5 8. 0-0 0-0 9. Nc3 Be7 10. Bf4 Na6 11. Rfd1 Nc5 12. Qc2 Qc8 13. Rd4 d5 14. Rc1 Nce4 15. Nxe4 dxe4 16. Ne5 h6 17. Rdd1 a5 18. h4 Rd8 19. Rxd8+ Bxd8 20. Qc3 Qc5 21. Be3 Qc7 22. Qd4 Qe7 23. c5 bxc5 24. Qxc5 Qxc5 25. Bxc5 Bd5 26. a3 Rc8 27. Rc3 Ne8 28. e3 f6 29. Ng6 Kf7 30. Nh8+ Kg8 31. Ng6 Kf7 32. Nh8+ Kg8 33. Ng6 1/2-1/2

[Event "BI-2015-F-0000"]
[Site "LSS email"]
[Date "2015.02.12"]
[Round "?"]
[White "Polastri, Antonio"]
[Black "Stolz, Stephan"]
[Result "1/2-1/2"]
[WhiteElo "1974"]
[BlackElo "2324"]
[PlyCount "65"]
[EventDate "2015.02.11"]
[EventType "tourn (corr)"]
[EventRounds "10"]
[EventCountry "GER"]
[SourceTitle "Corr 2022"]
[Source "ChessBase"]
[SourceDate "2021.10.24"]
[SourceVersion "1"]
[SourceVersionDate "2021.10.24"]
[SourceQuality "1"]

1. d4 d5 2. c4 e6 3. Nf3 c6 4. e3 f5 5. Be2 Nf6 6. 0-0 Bd6 7. Ne5 0-0 8. f4 b6 9. Nc3 Bb7 10. Qb3 Nbd7 11. cxd5 exd5 12. Bd3 g6 13. Bd2 b5 14. Rf3 a6 15. Rg3 Kh8 16. Rh3 Qe8 17. Ne2 c5 18. Qd1 Kg8 19. Qe1 Be7 20. a3 Nxe5 21. dxe5 Ne4 22. Ba5 Bc8 23. b4 c4 24. Bc2 Qf7 25. Rd1 Be6 26. Rf3 Ra7 27. Nd4 Rc8 28. Rf1 Rb7 29. Bxe4 dxe4 30. Qc3 Bd5 31. Rf2 Rcb8 32. Rfd2 Rd7 33. Ne2 1/2-1/2

[Event "BI-2015-F-0000"]
[Site "LSS email"]
[Date "2015.02.12"]
[Round "?"]
[White "Polastri, Antonio"]
[Black "Zavrazhnov, Andrej"]
[Result "1-0"]
[WhiteElo "1974"]
[BlackElo "2334"]
[PlyCount "141"]
[EventDate "2015.02.11"]
[EventType "tourn (corr)"]
[EventRounds "10"]
[EventCountry "GER"]
[SourceTitle "Corr 2022"]
[Source "ChessBase"]
[SourceDate "2021.10.24"]
[SourceVersion "1"]
[SourceVersionDate "2021.10.24"]
[SourceQuality "1"]

1. d4 Nf6 2. c4 g6 3. Nc3 Bg7 4. e4 0-0 5. Nf3 d6 6. Be2 e5 7. Be3 Ng4 8. Bg5 f6 9. Bh4 Nd7 10. 0-0 Nh6 11. Qd2 Nf7 12. Rad1 c6 13. Qc2 Re8 14. d5 Qb6 15. Ne1 Nc5 16. Kh1 Bd7 17. f3 a5 18. Bf2 Qc7 19. a3 cxd5 20. Nxd5 Qd8 21. Qb1 Ba4 22. Nc2 Bb3 23. Rde1 Ng5 24. Na1 a4 25. Nxb3 axb3 26. g3 Nge6 27. f4 exf4 28. gxf4 Nc7 29. Bxc5 dxc5 30. f5 Re5 31. fxg6 hxg6 32. Rg1 Nxd5 33. exd5 Rg5 34. Rxg5 fxg5 35. Qxg6 Qf6 36. Qe4 Qe5 37. Qxe5 Bxe5 38. Bg4 Bxb2 39. Rb1 Be5 40. Rxb3 Ra7 41. Kg2 Kf7 42. h3 Bc7 43. Bc8 b6 44. Bd7 Ra8 45. Bb5 Kf6 46. Rf3+ Kg7 47. Rd3 Rd8 48. a4 Bd6 49. Re3 Rf8 50. Be8 Rf6 51. Bh5 Rf4 52. Be2 Bb8 53. Rg3 Re4 54. Rxg5+ Kf6 55. Bd3 Kxg5 56. Bxe4 Kf4 57. Bf3 Kg5 58. Kf2 Kf4 59. h4 Bd6 60. h5 Bf8 61. Ke2 Kf5 62. Kd3 Ke5 63. Kc3 Kf4 64. Bd1 Ke3 65. Kb3 Kd4 66. Bc2 Ke5 67. a5 bxa5 68. Ka4 Bh6 69. Kxa5 Kd6 70. Kb6 Be3 71. Kb7 1-0

[Event "CP-2014-P-00020"]
[Site "LSS email"]
[Date "2014.09.30"]
[Round "?"]
[White "Polastri, Antonio"]
[Black "Svrsek Jr, Radomir"]
[Result "1/2-1/2"]
[WhiteElo "1970"]
[BlackElo "2005"]
[PlyCount "45"]
[EventDate "2014.10.01"]
[EventType "tourn (corr)"]
[EventRounds "6"]
[EventCountry "GER"]
[SourceTitle "Corr 2022"]
[Source "ChessBase"]
[SourceDate "2021.10.24"]
[SourceVersion "1"]
[SourceVersionDate "2021.10.24"]
[SourceQuality "1"]

1. d4 d5 2. c4 e6 3. Nf3 Nf6 4. Nc3 h6 5. Bf4 Be7 6. e3 0-0 7. a3 c5 8. dxc5 Bxc5 9. Be2 Nc6 10. 0-0 a6 11. Qb3 Na5 12. Qc2 Nxc4 13. Bxc4 dxc4 14. Rfd1 Bd7 15. Ne5 Qe7 16. Ne4 Be8 17. Nxf6+ Qxf6 18. Qxc4 Qe7 19. Qb3 a5 20. Rac1 f6 21. Nd3 a4 22. Qc4 Bb6 23. Nb4 1/2-1/2

[Event "CP-2014-P-00020"]
[Site "LSS email"]
[Date "2014.09.30"]
[Round "?"]
[White "Segear, Gilles"]
[Black "Polastri, Antonio"]
[Result "0-1"]
[WhiteElo "681"]
[BlackElo "1970"]
[PlyCount "56"]
[EventDate "2014.10.01"]
[EventType "tourn (corr)"]
[EventRounds "6"]
[EventCountry "GER"]
[SourceTitle "Corr 2022"]
[Source "ChessBase"]
[SourceDate "2021.10.24"]
[SourceVersion "1"]
[SourceVersionDate "2021.10.24"]
[SourceQuality "1"]

1. e4 c5 2. Bc4 e6 3. Nf3 d6 4. d3 Nf6 5. 0-0 Nc6 6. Bg5 Be7 7. Qd2 h6 8. Be3 d5 9. Bb3 0-0 10. Bxh6 dxe4 11. Qg5 Ne8 12. Qg3 exf3 13. gxf3 Nd4 14. Nc3 Nf5 15. Qf4 gxh6 16. Kh1 Kh7 17. Ne4 Bd6 18. Qg4 Rg8 19. Qh3 Bd7 20. Rg1 Qh4 21. Qxh4 Rxg1+ 22. Kxg1 Nxh4 23. Kh1 Bc6 24. a4 Nxf3 25. c3 f5 26. Ng3 Nd2+ 27. Kg1 Nxb3 28. Re1 Nc7 0-1

[Event "BI-2014-P-0014"]
[Site "LSS email"]
[Date "2014.04.19"]
[Round "?"]
[White "Polastri, Antonio"]
[Black "Plotnikov, Vladimir Anatolievi"]
[Result "1-0"]
[WhiteElo "1906"]
[BlackElo "1208"]
[PlyCount "49"]
[EventDate "2014.04.25"]
[EventType "tourn (corr)"]
[EventRounds "10"]
[EventCountry "GER"]
[SourceTitle "Corr 2015"]
[Source "ChessBase"]
[SourceDate "2015.07.17"]
[SourceVersion "1"]
[SourceVersionDate "2015.07.17"]
[SourceQuality "1"]

1. d4 d5 2. c4 e6 3. Nf3 Nf6 4. Nc3 c6 5. e3 Qa5 6. Bd2 dxc4 7. Bxc4 Bb4 8. Qc2 b5 9. Bd3 Nbd7 10. 0-0 Bb7 11. a3 Bd6 12. Nxb5 Bxh2+ 13. Kxh2 Qd8 14. Nd6+ Ke7 15. Ne5 Nxe5 16. dxe5 Ng4+ 17. Kg3 Nxe5 18. Bb4 Kd7 19. f4 Ng6 20. Nxb7 Qh4+ 21. Kf3 Qh2 22. Qc5 Nh4+ 23. Ke2 Qxg2+ 24. Rf2 Qg4+ 25. Kd2 1-0

[Event "BI-2014-P-0014"]
[Site "LSS email"]
[Date "2014.04.19"]
[Round "?"]
[White "Yarmolyuk, Yury"]
[Black "Polastri, Antonio"]
[Result "1/2-1/2"]
[WhiteElo "2166"]
[BlackElo "1906"]
[PlyCount "54"]
[EventDate "2014.04.25"]
[EventType "tourn (corr)"]
[EventRounds "10"]
[EventCountry "GER"]
[SourceTitle "Corr 2015"]
[Source "ChessBase"]
[SourceDate "2015.07.17"]
[SourceVersion "1"]
[SourceVersionDate "2015.07.17"]
[SourceQuality "1"]

1. d4 d5 2. c4 c6 3. Nf3 Nf6 4. Nc3 e6 5. e3 Nbd7 6. Qc2 Bd6 7. Bd3 0-0 8. 0-0 Re8 9. b3 Qe7 10. e4 dxc4 11. Bxc4 e5 12. d5 cxd5 13. Bxd5 Nb6 14. Bg5 Bb4 15. h3 h6 16. Bxf6 Qxf6 17. Qd3 Rd8 18. Rac1 Bxc3 19. Qxc3 Nxd5 20. exd5 e4 21. Nd2 Qg6 22. Rfe1 Rxd5 23. Nxe4 Bd7 24. Qg3 Qxg3 25. Nxg3 Bc6 26. f3 Rad8 27. Nf1 R8d7 1/2-1/2

[Event "BI-2014-F-0000"]
[Site "LSS email"]
[Date "2014.02.21"]
[Round "?"]
[White "Polastri, Antonio"]
[Black "Somogyi, Gabor"]
[Result "1-0"]
[WhiteElo "1897"]
[BlackElo "1794"]
[PlyCount "61"]
[EventDate "2014.02.27"]
[EventType "tourn (corr)"]
[EventRounds "10"]
[EventCountry "GER"]
[SourceTitle "Corr 2022"]
[Source "ChessBase"]
[SourceDate "2021.10.24"]
[SourceVersion "1"]
[SourceVersionDate "2021.10.24"]
[SourceQuality "1"]

1. d4 Nf6 2. c4 g6 3. Nc3 Bg7 4. e3 0-0 5. Nf3 c5 6. d5 d6 7. Bd3 Bg4 8. h3 Bxf3 9. Qxf3 Nbd7 10. Qe2 e6 11. dxe6 fxe6 12. 0-0 d5 13. cxd5 Nxd5 14. Be4 Bxc3 15. bxc3 Nxc3 16. Qc4 Nxe4 17. Qxe6+ Rf7 18. Qxe4 Nf6 19. Qc2 Qe7 20. Rd1 b5 21. Bb2 Rc8 22. a3 a6 23. Qc3 Rff8 24. Rd2 c4 25. Rad1 Rc6 26. Rd4 Re6 27. Rf4 Rc6 28. Rdd4 Qc7 29. g4 g5 30. Rf3 h6 31. Rd5 1-0

[Event "BI-2014-F-0000"]
[Site "LSS email"]
[Date "2014.02.21"]
[Round "?"]
[White "Polastri, Antonio"]
[Black "Wlasow, Andrey"]
[Result "1/2-1/2"]
[WhiteElo "1897"]
[BlackElo "2091"]
[PlyCount "104"]
[EventDate "2014.02.27"]
[EventType "tourn (corr)"]
[EventRounds "10"]
[EventCountry "GER"]
[SourceTitle "Corr 2022"]
[Source "ChessBase"]
[SourceDate "2021.10.24"]
[SourceVersion "1"]
[SourceVersionDate "2021.10.24"]
[SourceQuality "1"]

1. d4 Nf6 2. c4 g6 3. Nc3 Bg7 4. e4 d6 5. Nf3 0-0 6. Be2 e5 7. 0-0 Nc6 8. d5 Ne7 9. Bd3 Nh5 10. h3 a6 11. Re1 h6 12. a3 Rb8 13. Be3 Nf4 14. Bf1 g5 15. Qb3 f5 16. c5 b5 17. Bxf4 gxf4 18. a4 b4 19. exf5 Nxf5 20. Ne4 a5 21. Nfd2 Nd4 22. Qd1 f3 23. g3 Bb7 24. c6 Bc8 25. Nb3 Ra8 26. Rc1 Ne2+ 27. Bxe2 fxe2 28. Rxe2 Qe8 29. g4 h5 30. Re3 Qg6 31. g5 Bxh3 32. Rxh3 Qxe4 33. Qxh5 Rf5 34. Nd2 Qf4 35. Kh1 Rxg5 36. Qe2 Re8 37. Rg1 e4 38. Nc4 Kf7 39. Rxg5 Qxg5 40. Qh5+ Qxh5 41. Rxh5 Kg6 42. Rh3 Bd4 43. Kg2 Kg5 44. Rh7 Rf8 45. Ne3 Bxb2 46. Rxc7 Bc3 47. Nc4 b3 48. Nxd6 Be5 49. Nf7+ Kf6 50. Nxe5 Kxe5 51. Rb7 Kxd5 52. Rxb3 Kxc6 1/2-1/2

[Event "BI-2014-F-0000"]
[Site "LSS email"]
[Date "2014.02.21"]
[Round "?"]
[White "Vodicka, Milan"]
[Black "Polastri, Antonio"]
[Result "1-0"]
[WhiteElo "1991"]
[BlackElo "1897"]
[PlyCount "101"]
[EventDate "2014.02.27"]
[EventType "tourn (corr)"]
[EventRounds "10"]
[EventCountry "GER"]
[SourceTitle "Corr 2022"]
[Source "ChessBase"]
[SourceDate "2021.10.24"]
[SourceVersion "1"]
[SourceVersionDate "2021.10.24"]
[SourceQuality "1"]

1. e4 c5 2. Nf3 e6 3. Nc3 Nc6 4. d4 cxd4 5. Nxd4 Qc7 6. Be3 a6 7. Qd2 Nf6 8. 0-0-0 Be7 9. f3 0-0 10. g4 b5 11. g5 Nh5 12. Nce2 Nxd4 13. Qxd4 f6 14. h4 a5 15. Kb1 b4 16. Bh3 a4 17. Bg4 b3 18. cxb3 Ng3 19. Nxg3 axb3 20. axb3 Qxg3 21. b4 Qb8 22. gxf6 Bxf6 23. Qb6 Kf7 24. Qxb8 Rxb8 25. Bc5 Rd8 26. Bd6 Rb5 27. Bh3 Rh5 28. Bf1 Rxh4 29. Rxh4 Bxh4 30. b5 Rh8 31. b6 Bb7 32. Bc7 d5 33. f4 Ke7 34. exd5 exd5 35. Bg2 Ke6 36. Rd3 Be7 37. Re3+ Kf7 38. Re5 Bd8 39. Bxd5+ Bxd5 40. Rxd5 Bxc7 41. Rd7+ Ke6 42. Rxc7 Rb8 43. Rxg7 Rxb6 44. Rxh7 Rb4 45. Rh4 Rb8 46. Rh2 Kf5 47. Rf2 Rb4 48. Kc2 Rb8 49. b3 Ke4 50. f5 Ke3 51. Rh2 1-0

[Event "CP-2013-P-00067"]
[Site "LSS email"]
[Date "2013.09.30"]
[Round "?"]
[White "Demidov, Lazar"]
[Black "Polastri, Antonio"]
[Result "1/2-1/2"]
[WhiteElo "1365"]
[BlackElo "1888"]
[PlyCount "48"]
[EventDate "2013.10.01"]
[EventType "tourn (corr)"]
[EventRounds "6"]
[EventCountry "GER"]
[SourceTitle "Telechess CBM 167"]
[Source "ChessBase"]
[SourceDate "2015.07.13"]
[SourceVersion "1"]
[SourceVersionDate "2015.07.13"]
[SourceQuality "1"]

1. e4 c5 2. Nf3 d6 3. Bc4 Nf6 4. Nc3 e6 5. 0-0 Nc6 6. d4 cxd4 7. Nxd4 Be7 8. a4 0-0 9. Be3 a6 10. Qe2 Bd7 11. Nxc6 Bxc6 12. a5 Nxe4 13. Nxe4 d5 14. Rfd1 Qe8 15. Bxd5 exd5 16. Nc3 Rd8 17. Bb6 Rd6 18. Rd3 Qd7 19. Qd2 Re8 20. Rd1 Bf6 21. Bc5 Bxc3 22. Rxc3 Rg6 23. Bd4 h6 24. h3 Qc7 1/2-1/2

[Event "CP-2013-P-00067"]
[Site "LSS email"]
[Date "2013.09.30"]
[Round "?"]
[White "Polastri, Antonio"]
[Black "Bichik, Aleksandr Mihail"]
[Result "1/2-1/2"]
[WhiteElo "1888"]
[BlackElo "2070"]
[PlyCount "87"]
[EventDate "2013.10.01"]
[EventType "tourn (corr)"]
[EventRounds "6"]
[EventCountry "GER"]
[SourceTitle "Telechess CBM 167"]
[Source "ChessBase"]
[SourceDate "2015.07.13"]
[SourceVersion "1"]
[SourceVersionDate "2015.07.13"]
[SourceQuality "1"]

1. d4 Nf6 2. c4 e6 3. Nf3 d5 4. Nc3 Be7 5. Bf4 0-0 6. e3 Nbd7 7. c5 c6 8. h3 b6 9. b4 a5 10. a3 Ba6 11. Bxa6 Rxa6 12. 0-0 Qa8 13. Rb1 axb4 14. axb4 Qb7 15. Qc2 Rfa8 16. Nd2 Ra3 17. Rfc1 h6 18. Nb3 Qc8 19. Qb2 bxc5 20. bxc5 Qb7 21. Qc2 Qa6 22. Ra1 Qb7 23. Rcb1 Qb4 24. Rxa3 Rxa3 25. Bg3 Nh5 26. Bc7 Nhf6 27. Qb2 g6 28. Na2 Qa4 29. Nac1 Qa7 30. Nd2 Kf8 31. g4 Ke8 32. Bh2 Bd8 33. Kg2 g5 34. Qc2 Kf8 35. Bd6+ Kg7 36. Qb2 Qa4 37. Bg3 h5 38. gxh5 Nxh5 39. Qb7 Nf8 40. Be5+ Bf6 41. Qc7 Qc2 42. Rb7 Qg6 43. Nf3 Nf4+ 44. Kh2 1/2-1/2

[Event "BI-2013-P-00017"]
[Site "LSS email"]
[Date "2013.04.22"]
[Round "?"]
[White "Boda, Attila"]
[Black "Polastri, Antonio"]
[Result "1/2-1/2"]
[WhiteElo "1957"]
[BlackElo "1828"]
[PlyCount "53"]
[EventDate "2013.04.25"]
[EventType "tourn (corr)"]
[EventRounds "10"]
[EventCountry "GER"]
[SourceTitle "Telechess CBM 167"]
[Source "ChessBase"]
[SourceDate "2015.07.13"]
[SourceVersion "1"]
[SourceVersionDate "2015.07.13"]
[SourceQuality "1"]

1. e4 c5 2. Nf3 e6 3. d4 cxd4 4. Nxd4 a6 5. Bd3 Qc7 6. 0-0 Nf6 7. Qe2 d6 8. c4 Be7 9. Nc3 0-0 10. f4 Nc6 11. Nxc6 bxc6 12. e5 Nd7 13. exd6 Bxd6 14. Ne4 Be7 15. b3 Rd8 16. Bb2 f5 17. Ng5 Nf8 18. Rad1 Ra7 19. Nf3 a5 20. Ne5 a4 21. Bc2 axb3 22. Bxb3 Qb6+ 23. Kh1 c5 24. Qh5 Bd6 25. Kg1 Re7 26. Qg5 Bb7 27. Bc3 1/2-1/2